[Event "EuTCh"]
[Site "Leon ESP"]
[Date "2001.11.11"]
[Round "6"]
[White "Malakhatko,V"]
[Black "Kristjansson,S"]
[Result "1/2-1/2"]
[WhiteElo "2555"]
[BlackElo "2374"]
[EventDate "2001.11.06"]

1. d4 Nf6 2. c4 e6 3. Nf3 b6 4. Nc3 Bb4 5. Bg5 Bb7 6. Nd2 c5 7. a3 cxd4 8.
axb4 dxc3 9. bxc3 Qc7 10. Bxf6 gxf6 11. e3 Nc6 12. Be2 Rg8 13. f4 Ne7 14.
Bf3 Nf5 15. Kf2 Nh4 16. Ne4 Kd8 17. Qd4 e5 18. fxe5 fxe5 19. Qd3 Nxf3 20.
gxf3 Qc6 21. b5 Qe6 22. c5 Ke7 23. c4 Bxe4 24. Qxe4 bxc5 25. Ra6 Qh3 26.
Qxe5+ Kd8 27. Qf6+ Kc8 28. Ke1 Qg2 29. Rf1 Qc2 30. Rc6+ Kb7 31. Rd6 Qc1+
32. Kf2 Qc2+ 33. Ke1 Qc1+ 34. Kf2 Qc2+ 1/2-1/2

[Event "EuTCh"]
[Site "Leon ESP"]
[Date "2001.11.11"]
[Round "6"]
[White "Kovacevic,A"]
[Black "Timoscenko,G"]
[Result "1-0"]
[WhiteElo "2553"]
[BlackElo "2519"]
[EventDate "2001.11.06"]

1. e4 e5 2. Nf3 Nc6 3. Bb5 Nf6 4. d3 d6 5. Nbd2 g6 6. Nf1 Bg7 7. Bg5 h6 8.
Bh4 Bd7 9. c3 Na5 10. Ba4 Bxa4 11. Qxa4+ Nc6 12. Ne3 Qd7 13. O-O O-O 14.
Kh1 Rfe8 15. Nd2 a6 16. Bxf6 Bxf6 17. Nd5 Bd8 18. f4 exf4 19. Rxf4 Ne5 20.
Qc2 c6 21. Nf6+ Bxf6 22. Rxf6 Qe7 23. Rf4 Rf8 24. Raf1 Rae8 25. d4 Nd7 26.
a4 Kg7 27. a5 f6 28. Qb3 Rb8 29. h3 Rf7 30. Nc4 Qe6 31. Qa2 Nf8 32. b3 Nh7
33. e5 d5 34. Nd6 Rff8 35. Qe2 Kg8 36. c4 fxe5 37. dxe5 dxc4 38. bxc4 Rxf4
39. Rxf4 Rf8 40. Qe3 Rxf4 41. Qxf4 Nf8 42. Nxb7 g5 43. Qe4 Nd7 44. Nd8 Qxe5
45. Qg6+ Qg7 46. Qe6+ Kh8 47. Nf7+ 1-0

[Event "EuTCh"]
[Site "Leon ESP"]
[Date "2001.11.11"]
[Round "6"]
[White "Markos,J"]
[Black "Vuckovic,Bo"]
[Result "1-0"]
[WhiteElo "2435"]
[BlackElo "2466"]
[EventDate "2001.11.06"]

1. d4 Nf6 2. c4 c5 3. d5 b5 4. Nf3 g6 5. cxb5 a6 6. b6 d6 7. Nc3 Nbd7 8. e4
Bg7 9. a4 Qxb6 10. a5 Qb7 11. Be2 O-O 12. Nd2 Ne8 13. Ra3 Rb8 14. h4 Nc7
15. h5 Nf6 16. Rb3 Qa7 17. Rxb8 Qxb8 18. Nc4 Nb5 19. Qd3 e6 20. Bf4 exd5
21. Nxd5 Nxd5 22. Qxd5 Be6 23. Qd2 Qb7 24. hxg6 fxg6 25. Nxd6 Nxd6 26. Bxd6
Rd8 27. O-O Qc6 28. Rd1 Bb3 29. e5 Bxd1 30. Qxd1 Kh8 31. Qd3 Re8 32. f4 Qa4
33. Qd2 Bf8 34. Bxa6 Rd8 35. Bb7 Qb5 36. a6 Qb6 37. Qc3 c4+ 38. Kf1 Qb5 39.
e6+ Bg7 40. Be5 Rd1+ 41. Ke2 Bxe5 42. Qxe5+ 1-0

[Event "EuTCh"]
[Site "Leon ESP"]
[Date "2001.11.11"]
[Round "6"]
[White "Nedev,T"]
[Black "Upton,T"]
[Result "1-0"]
[WhiteElo "2514"]
[BlackElo "2303"]
[EventDate "2001.11.06"]

1. e4 e5 2. Nf3 Nc6 3. d4 exd4 4. Nxd4 Bc5 5. Be3 Qf6 6. c3 Nge7 7. Bc4 Ne5
8. Be2 Qg6 9. O-O d6 10. f3 O-O 11. Kh1 d5 12. Nd2 dxe4 13. fxe4 Ng4 14.
Bg1 Bd6 15. Nc4 Ne5 16. Nxd6 Qxd6 17. Nb5 Qc6 18. Qd4 Bg4 19. Qxe5 Ng6 20.
Qg3 Bxe2 21. Nd4 Qa6 22. Rfe1 Bc4 23. Qxc7 Rfe8 24. Nf5 Bd3 25. Bd4 Rxe4
26. Nd6 Rxe1+ 27. Rxe1 Qxa2 28. Nc8 Be4 29. Qd8+ Nf8 30. Ne7+ Kh8 31. Qxa8
1-0

[Event "EuTCh"]
[Site "Leon ESP"]
[Date "2001.11.11"]
[Round "6"]
[White "Salmensuu,O"]
[Black "Fernandes,An"]
[Result "1-0"]
[WhiteElo "2436"]
[BlackElo "2457"]
[EventDate "2001.11.06"]

1. e4 c6 2. d4 d5 3. e5 Bf5 4. Nc3 Qb6 5. Bd3 Bxd3 6. Qxd3 e6 7. Nge2 Qa6
8. Qh3 Ne7 9. O-O h5 10. Nf4 g6 11. Nce2 Nd7 12. Nd3 Bh6 13. b3 Nf5 14. a4
O-O-O 15. a5 g5 16. Qxh5 Bg7 17. Qxf7 c5 18. Bxg5 c4 19. Nb4 Qb5 20. Qxe6
Rdf8 21. Nxd5 Nxd4 22. Nxd4 Bxe5 23. Nxb5 Bxh2+ 24. Kh1 Bf4+ 25. Bh6 Rf6
26. Qxd7+ Kxd7 27. Nxf6+ Ke6 28. Ng4 1-0

[Event "EuTCh"]
[Site "Leon ESP"]
[Date "2001.11.11"]
[Round "6"]
[White "Damaso,R"]
[Black "Kallio,H"]
[Result "1/2-1/2"]
[WhiteElo "2414"]
[BlackElo "2517"]
[EventDate "2001.11.06"]

1. e4 c5 2. Nf3 Nc6 3. Bb5 e6 4. Bxc6 bxc6 5. b3 Ne7 6. Ba3 Ng6 7. d4 Qb6
8. O-O Be7 9. c4 cxd4 10. Bxe7 Kxe7 11. Nxd4 c5 12. Nc2 1/2-1/2

[Event "EuTCh"]
[Site "Leon ESP"]
[Date "2001.11.11"]
[Round "6"]
[White "Norri,J"]
[Black "Pinheiro,J"]
[Result "1-0"]
[WhiteElo "2418"]
[BlackElo "2339"]
[EventDate "2001.11.06"]

1. d4 Nf6 2. c4 e6 3. Nc3 Bb4 4. e3 O-O 5. Bd3 d5 6. Nf3 c5 7. O-O cxd4 8.
exd4 dxc4 9. Bxc4 a6 10. Bg5 b5 11. Bd3 Bb7 12. Ne5 Be7 13. Bc2 Nbd7 14. a3
Re8 15. Re1 Nf8 16. Qd2 Qd6 17. Rad1 Rad8 18. Qf4 Ng6 19. Qg3 Qb6 20. Qh3
Rxd4 21. Rxd4 Qxd4 22. Nxf7 Kxf7 23. Qxe6+ Kf8 24. Bb3 Qxf2+ 25. Kxf2 Bc5+
26. Be3 Bxe3+ 27. Rxe3 Rxe6 28. Rxe6 Nf4 29. Rb6 Nd3+ 30. Kg1 Nc5 31. Bc2
Nfd7 32. Rd6 Ke7 33. Rd1 h6 34. b4 Ne6 35. Be4 Bxe4 36. Nxe4 Ne5 37. Re1
Nc7 38. Nc5 Kd6 39. Rd1+ Kc6 40. Rd8 a5 41. Nb3 axb4 42. axb4 Na6 43. Nd4+
Kb6 44. Rd6+ Kb7 45. Re6 Nd3 46. Nxb5 Naxb4 47. Nd6+ Kc6 48. Nf5+ Kd5 49.
Nxg7 Nf4 50. Rxh6 Ke4 51. g3 Nfd5 52. Re6+ Kf3 53. Nf5 Nc2 54. Nh4+ Kg4 55.
Re4+ 1-0

[Event "EuTCh"]
[Site "Leon ESP"]
[Date "2001.11.11"]
[Round "6"]
[White "Quinn,M"]
[Black "Kengis,E"]
[Result "0-1"]
[WhiteElo "2387"]
[BlackElo "2561"]
[EventDate "2001.11.06"]

1. d4 e6 2. g3 c5 3. Nf3 Qa5+ 4. Nc3 Nf6 5. Bd2 cxd4 6. Nxd4 Qb6 7. Nb3 d5
8. Bg2 Nc6 9. O-O Be7 10. a4 O-O 11. a5 Qd8 12. f4 d4 13. Nb5 a6 14. Na3 e5
15. Nc4 e4 16. f5 Re8 17. Nb6 Rb8 18. Ra4 Bd6 19. e3 Be5 20. exd4 Bc7 21.
Nxc8 e3 22. Bxe3 Rxe3 23. Nb6 Bxb6 24. axb6 Qxb6 25. Kh1 h5 26. c3 Qb5 27.
Ra1 Rbe8 28. Nd2 Qd3 29. Rb1 Ng4 30. Nb3 Qb5 31. h3 Rd3 32. Qc2 Rxg3 33.
hxg4 Re2 34. c4 Rxc2 35. cxb5 Rgxg2 36. Rfe1 axb5 37. d5 Rh2+ 38. Kg1 Rhg2+
39. Kh1 h4 40. Re3 Rh2+ 41. Kg1 h3 42. Rg3 Ne5 0-1

[Event "EuTCh"]
[Site "Leon ESP"]
[Date "2001.11.11"]
[Round "6"]
[White "Miezis,N"]
[Black "Heidenfeld,M"]
[Result "1-0"]
[WhiteElo "2501"]
[BlackElo "2382"]
[EventDate "2001.11.06"]

1. c4 e6 2. e4 d5 3. exd5 exd5 4. d4 Nf6 5. Nc3 Be7 6. Nf3 O-O 7. Be2 dxc4
8. Bxc4 Nbd7 9. O-O Nb6 10. Bb3 c6 11. Re1 Nbd5 12. Bg5 Be6 13. Ne5 Re8 14.
h3 Qd6 15. Qf3 Rad8 16. Rad1 Nxc3 17. bxc3 Bd5 18. Qf5 g6 19. Qf4 Nh5 20.
Qxf7+ Bxf7 21. Nxf7 Qa3 22. Nxd8+ Kg7 23. Ne6+ Kh8 24. Nc7 Bxg5 25. Rxe8+
Kg7 26. Ne6+ Kh6 27. Nxg5 Kxg5 28. h4+ 1-0

[Event "EuTCh"]
[Site "Leon ESP"]
[Date "2001.11.11"]
[Round "6"]
[White "Brady,S"]
[Black "Krakops,M"]
[Result "0-1"]
[WhiteElo "2333"]
[BlackElo "2518"]
[EventDate "2001.11.06"]

1. e4 c5 2. c3 Nf6 3. e5 Nd5 4. d4 cxd4 5. Nf3 Nc6 6. Bc4 Nb6 7. Bb3 g6 8.
cxd4 Bg7 9. O-O O-O 10. Qe2 d6 11. h3 Bf5 12. Nc3 dxe5 13. dxe5 Bd3 14. Qe3
Bxf1 15. Kxf1 e6 16. Qe4 Nd7 17. Bg5 Qa5 18. Qh4 Ncxe5 19. Be7 Rfe8 20.
Nxe5 Qxe5 21. Re1 Qh5 22. Qb4 Nb6 23. Qa3 Bxc3 24. bxc3 Qb5+ 25. Kg1 Nc4
26. Bxc4 Qxc4 27. Bf6 Qf4 28. Be5 Qd2 29. Re3 Qd8 30. Rf3 Qd5 31. Bf6 Qd1+
32. Kh2 e5 33. Qc5 e4 34. Rf4 Re6 35. Qg5 Qd6 36. g3 e3 37. fxe3 Qd2+ 38.
Kg1 Qxe3+ 39. Kg2 Qd2+ 40. Kf3 Qe2+ 0-1

[Event "EuTCh"]
[Site "Leon ESP"]
[Date "2001.11.11"]
[Round "6"]
[White "Meijers,V"]
[Black "O'Cinneide,M"]
[Result "1-0"]
[WhiteElo "2465"]
[BlackElo "2249"]
[EventDate "2001.11.06"]

1. e4 e6 2. d4 d5 3. exd5 exd5 4. Nf3 Nf6 5. Bd3 Bg4 6. O-O Be7 7. Bg5 O-O
8. Nbd2 Nbd7 9. c3 c6 10. Qc2 Re8 11. Rfe1 h6 12. Bh4 Nh5 13. Bxe7 Rxe7 14.
h3 Be6 15. Re3 Qc7 16. Rae1 Rae8 17. Ne5 Nxe5 18. dxe5 Bd7 19. Nf3 c5 20.
Bf5 Nf4 21. g3 Nxh3+ 22. Kg2 Ng5 23. Nxg5 hxg5 24. Rh1 Bxf5 25. Qxf5 Rxe5
26. Qh7+ Kf8 27. Qh8+ Ke7 28. Qxg7 Kd8 29. Rf3 R8e7 30. Rh8+ Kd7 31. Rf8
Qd6 32. R8xf7 Rxf7 33. Qxf7+ Qe7 34. Qg8 Kc6 35. Rf7 Qe6 36. Qg7 Rf5 37.
Re7 Qd6 38. Rxb7 d4 39. c4 d3 40. Rxa7 1-0

[Event "EuTCh"]
[Site "Leon ESP"]
[Date "2001.11.11"]
[Round "6"]
[White "Arduman,C"]
[Black "David,Alb"]
[Result "1/2-1/2"]
[WhiteElo "2379"]
[BlackElo "2522"]
[EventDate "2001.11.06"]

1. d4 g6 2. c4 Nf6 3. Nc3 Bg7 4. Nf3 O-O 5. Bf4 d6 6. e3 c5 7. Be2 Nh5 8.
Bg5 h6 9. Bh4 g5 10. Bg3 cxd4 11. Nxd4 Nxg3 12. hxg3 Nc6 13. Qd2 Qa5 14.
Rd1 Bd7 15. Nd5 Qxd2+ 16. Rxd2 Rae8 17. O-O Nxd4 18. exd4 e6 19. Nc3 f5 20.
g4 b6 21. gxf5 exf5 22. Bh5 Re7 23. Nd5 Re4 24. Rfd1 Bc6 1/2-1/2

[Event "EuTCh"]
[Site "Leon ESP"]
[Date "2001.11.11"]
[Round "6"]
[White "Wagener,C"]
[Black "Haznedaroglu,K"]
[Result "1/2-1/2"]
[WhiteElo "2183"]
[BlackElo "2328"]
[EventDate "2001.11.06"]

1. e4 c5 2. Nf3 Nc6 3. d4 cxd4 4. Nxd4 Nf6 5. Nc3 e5 6. Ndb5 d6 7. Bg5 a6
8. Na3 b5 9. Bxf6 gxf6 10. Nd5 Bg7 11. c3 f5 12. exf5 Bxf5 13. Nc2 O-O 14.
Nce3 Bd7 15. Bd3 f5 16. Bc2 Kh8 17. O-O Ne7 18. a4 bxa4 19. Bxa4 Be6 20.
Nxe7 Qxe7 21. Bc6 Rab8 22. Rxa6 Rxb2 23. Bd5 Bc8 24. Ra8 e4 25. Qc1 Rb5 26.
c4 Rc5 27. Re1 Be5 28. Nf1 Rc7 29. Qa3 Bd7 30. Rxf8+ Qxf8 31. Rb1 Qc8 32.
Rb6 Bc6 33. Ra6 Kg7 34. Ra7 Qb8 35. Rxc7+ Qxc7 36. g3 Be8 37. Qa8 Bg6 38.
Ne3 Qe7 39. h4 Qf8 40. Qxf8+ Kxf8 1/2-1/2

[Event "EuTCh"]
[Site "Leon ESP"]
[Date "2001.11.11"]
[Round "6"]
[White "Atakisi,U"]
[Black "Brittner,S"]
[Result "1-0"]
[WhiteElo "2278"]
[BlackElo "2202"]
[EventDate "2001.11.06"]

1. e4 e6 2. d4 d5 3. Nc3 Bb4 4. e5 c5 5. a3 Ba5 6. Qg4 Ne7 7. dxc5 Bxc3+ 8.
bxc3 Ng6 9. Bd3 Nd7 10. Nf3 Qa5 11. O-O Nxc5 12. Bd2 O-O 13. h4 Qa4 14.
Qxa4 Nxa4 15. c4 dxc4 16. Bxc4 Bd7 17. h5 Rfc8 18. Bb3 Ne7 19. Bg5 Nd5 20.
h6 Nc5 21. hxg7 Nxb3 22. cxb3 Kxg7 23. Rfd1 Bb5 24. Rd4 h6 25. Bd2 Rg8 26.
Re1 Kh7 27. Rh4 Rg6 28. Ng5+ Kg7 29. Ne4 Bc6 30. f3 Ne7 31. Kf2 Nf5 32. Rf4
Rd8 33. Bb4 Rd3 34. g4 Nd4 35. Re3 Bxe4 36. Rfxe4 Rxe3 37. Rxe3 Nc6 38. Bc3
Kf8 39. Kg3 Ke7 40. Kf4 Rg8 41. Re1 Rd8 42. Ke4 Kf8 43. f4 Kg7 44. Rf1 Ne7
45. f5 Nd5 46. Bd2 Rc8 47. Rh1 Rh8 48. Rh5 Rh7 49. Kd4 b6 50. a4 Nc7 51. b4
Rh8 52. f6+ Kg6 53. Kc4 a6 54. a5 bxa5 55. bxa5 Nd5 56. Kc5 Rc8+ 57. Kd6
Kh7 58. Rxh6+ Kg8 59. Rh2 Rc4 60. Bh6 Rd4 61. Kc5 Rxg4 62. Bg7 Rxg7 63.
fxg7 Kxg7 64. Kd6 1-0

[Event "EuTCh"]
[Site "Leon ESP"]
[Date "2001.11.11"]
[Round "6"]
[White "Weber,Je"]
[Black "Bayram,Y"]
[Result "1-0"]
[WhiteElo "2249"]
[BlackElo "2212"]
[EventDate "2001.11.06"]

1. d4 Nf6 2. c4 g6 3. g3 Bg7 4. Bg2 O-O 5. Nc3 d6 6. Nf3 c5 7. d5 e6 8. O-O
exd5 9. cxd5 a6 10. a4 Re8 11. Nd2 Nbd7 12. Qc2 Rb8 13. a5 Ne5 14. f4 Neg4
15. Nc4 Bf5 16. e4 Nxe4 17. Bxe4 Bd4+ 18. Kg2 Rxe4 19. Nxe4 Kg7 20. Qe2 Qe7
21. Ncxd6 Bxe4+ 22. Nxe4 Re8 23. d6 Qd7 24. Qf3 f5 25. h3 h5 26. hxg4 hxg4
27. Qd1 Rxe4 28. Re1 Qc6 29. Rxe4 Qxe4+ 30. Kh2 b5 31. Qh1 Qe8 32. Qb7+ Kf6
33. Qe7+ Qxe7 34. dxe7 Kxe7 35. Kg2 Kd6 36. Kf1 c4 37. Ke2 b4 38. Ra4 Kc5
39. Be3 Kb5 40. Rxb4+ Kxb4 41. Bxd4 Kxa5 42. Kd2 Kb4 43. Kc2 a5 44. Be3 a4
45. Bd4 c3 46. bxc3+ Kc4 47. Kb2 1-0

[Event "EuTCh"]
[Site "Leon ESP"]
[Date "2001.11.11"]
[Round "6"]
[White "Sommerbauer,N"]
[Black "Kotronias,V"]
[Result "0-1"]
[WhiteElo "2410"]
[BlackElo "2548"]
[EventDate "2001.11.06"]

1. e4 d5 2. exd5 Qxd5 3. Nc3 Qa5 4. g3 Nf6 5. Bg2 c6 6. Nge2 g6 7. O-O Bg7
8. d4 O-O 9. h3 Nbd7 10. Rb1 Qd8 11. Bf4 Nb6 12. Qc1 Be6 13. Bh6 Bd5 14.
Bxg7 Kxg7 15. Nxd5 cxd5 16. Re1 e6 17. Nf4 Qd6 18. c3 Rac8 19. h4 Rfe8 20.
h5 Nc4 21. hxg6 hxg6 22. Qc2 Qa6 23. Re2 Nd6 24. Rbe1 Nf5 25. Qb1 Rh8 26.
Bh3 Ne4 27. Bg2 Nf6 28. Bh3 Rce8 29. Kg2 Rh6 30. Bxf5 gxf5 31. Rh1 Rxh1 32.
Qxh1 Rh8 33. Qc1 Ng4 34. b3 Rh2+ 35. Kg1 e5 36. f3 Qh6 37. Ne6+ fxe6 38.
Qxh6+ Rxh6 39. fxg4 exd4 40. g5 Rg6 41. cxd4 Kf7 42. Rc2 Rxg5 43. Rc7+ Kf6
44. Rxb7 Rxg3+ 45. Kf2 Rd3 46. Rxa7 Rxd4 47. Rb7 0-1

[Event "EuTCh"]
[Site "Leon ESP"]
[Date "2001.11.11"]
[Round "6"]
[White "Clerides,P"]
[Black "Volkmann,F"]
[Result "0-1"]
[WhiteElo "2188"]
[BlackElo "2414"]
[EventDate "2001.11.06"]

1. e4 c5 2. Nf3 Nc6 3. d4 cxd4 4. Nxd4 Nf6 5. Nc3 e5 6. Ndb5 d6 7. Bg5 a6
8. Na3 Be6 9. Nc4 Rc8 10. Bxf6 gxf6 11. Ne3 Bh6 12. Ncd5 Bxe3 13. Nxe3 Qb6
14. Qb1 Ne7 15. Bd3 d5 16. c3 d4 17. cxd4 Qb4+ 18. Ke2 exd4 19. Nc2 Qc5 20.
h3 Rg8 21. g4 Ng6 22. Ne1 Nf4+ 23. Kf3 Nxh3 24. Ke2 Bxg4+ 25. Kf1 Qg5 26.
Rh2 Nf4 0-1

[Event "EuTCh"]
[Site "Leon ESP"]
[Date "2001.11.11"]
[Round "6"]
[White "Baumegger,S"]
[Black "Antoniou,A"]
[Result "1/2-1/2"]
[WhiteElo "2395"]
[BlackElo "2231"]
[EventDate "2001.11.06"]

1. e4 e5 2. Nf3 Nc6 3. Bb5 Nf6 4. Qe2 Bc5 5. O-O d6 6. c3 O-O 7. d3 h6 8.
Nbd2 Bb6 9. Nc4 Ne7 10. d4 c6 11. Nxb6 axb6 12. dxe5 dxe5 13. Bc4 Ng6 14.
Rd1 Qe7 15. Ne1 b5 16. Bb3 Be6 17. Bxe6 Qxe6 1/2-1/2

[Event "EuTCh"]
[Site "Leon ESP"]
[Date "2001.11.11"]
[Round "6"]
[White "Georghiou,A"]
[Black "Neubauer,M"]
[Result "0-1"]
[WhiteElo "2155"]
[BlackElo "2434"]
[EventDate "2001.11.06"]

1. d4 e6 2. c4 d5 3. Nc3 c5 4. Nf3 Nc6 5. e3 Nf6 6. cxd5 exd5 7. Be2 Bd6 8.
dxc5 Bxc5 9. O-O O-O 10. a3 a6 11. b4 Ba7 12. Bb2 Re8 13. b5 Na5 14. bxa6
bxa6 15. Qa4 Rb8 16. Ra2 Be6 17. Nd4 Bd7 18. Qd1 Qc7 19. Ba1 Qd6 20. h3
Rbd8 21. Nb1 Bb8 22. Nf3 Ne4 23. Qd4 Qg6 24. Nbd2 Nc6 25. Qxg7+ Qxg7 26.
Bxg7 Kxg7 27. Bxa6 Bd6 28. Bb7 Na5 29. Ba6 Ra8 30. Bd3 Nxd2 31. Nxd2 Reb8
32. Be2 Be6 33. Bf3 Nc6 34. Rfa1 Be5 35. Rb1 Nb4 0-1

[Event "EuTCh"]
[Site "Leon ESP"]
[Date "2001.11.11"]
[Round "6"]
[White "Zeidler,S"]
[Black "Seitaj,I"]
[Result "1/2-1/2"]
[WhiteElo "2296"]
[BlackElo "2386"]
[EventDate "2001.11.06"]

1. e4 e5 2. Nf3 Nc6 3. c3 d5 4. Qa4 dxe4 5. Nxe5 Qd5 6. Nxc6 bxc6 7. Bc4
Qd6 8. d3 exd3 9. O-O Ne7 10. Re1 Be6 11. Nd2 Nd5 12. Ne4 Qd7 13. Bxd3 Be7
14. Bg5 f6 15. Be3 O-O 16. Rad1 f5 17. Nc5 Bxc5 18. Bxc5 Rfe8 19. Ba6 Bf7
20. Bb7 Rxe1+ 21. Rxe1 Re8 22. Rxe8+ Qxe8 23. Kf1 Nb6 24. Bxb6 axb6 25.
Bxc6 Qd8 26. Qa8 1/2-1/2

[Event "EuTCh"]
[Site "Leon ESP"]
[Date "2001.11.11"]
[Round "6"]
[White "Rama,L"]
[Black "May,F"]
[Result "1-0"]
[WhiteElo "2311"]
[BlackElo "2174"]
[EventDate "2001.11.06"]

1. d4 d5 2. Nf3 e6 3. g3 Nf6 4. Bg2 Be7 5. O-O O-O 6. c4 c6 7. b3 Nbd7 8.
Qc2 b6 9. Rd1 Bb7 10. Nc3 Rc8 11. e4 dxe4 12. Ng5 h6 13. Ngxe4 Nxe4 14.
Nxe4 Nf6 15. Bf4 Nxe4 16. Qxe4 Bd6 17. c5 Bxf4 18. Qxf4 Qg5 19. Qxg5 hxg5
20. b4 Ba6 21. Rdc1 Rfd8 22. cxb6 axb6 23. Bxc6 Bd3 24. a4 Rxd4 25. a5 bxa5
26. bxa5 Be4 27. Bxe4 Rxc1+ 28. Rxc1 Rxe4 29. Ra1 Rd4 30. a6 Rd8 31. Kg2 g4
32. Kf1 Kf8 33. Ke2 Ke7 34. Ke3 e5 35. a7 Ra8 36. Ke4 1-0

[Event "EuTCh"]
[Site "Leon ESP"]
[Date "2001.11.13"]
[Round "7"]
[White "Lautier,J"]
[Black "Wedberg,T"]
[Result "1-0"]
[WhiteElo "2653"]
[BlackElo "2529"]
[EventDate "2001.11.06"]

1. Nf3 Nf6 2. c4 c5 3. g3 Nc6 4. d4 cxd4 5. Nxd4 Qb6 6. Nc2 e6 7. Bg2 d5 8.
O-O Be7 9. cxd5 exd5 10. Nc3 Be6 11. Nxd5 Bxd5 12. Bxd5 Rd8 13. Bxc6+ bxc6
14. Qe1 Ne4 15. Kg2 Qc5 16. Na3 Qe5 17. Rb1 O-O 18. f3 Bxa3 19. bxa3 Qe6
20. Rb3 Nd6 21. Qf2 Nf5 22. Rc3 a5 23. a4 Qxa2 24. e4 Qxf2+ 25. Rxf2 Ne7
26. Rc5 Rd1 27. Rd2 Re1 28. Ba3 Rb8 29. Rxa5 Ng6 30. h4 f6 31. Bb2 Rb1 32.
Bc3 Rc1 33. Rc5 Rb3 34. Bd4 Rxc5 35. Bxc5 Ne5 36. a5 Rb5 37. a6 Rxc5 38. a7
Ra5 39. Rd8+ Kf7 40. a8=Q Rxa8 41. Rxa8 Nd7 42. Rc8 c5 43. Kf2 Ke7 44. Ke3
Ke6 45. h5 Ke7 46. f4 Kf7 47. Rc6 Ke7 48. Kd3 1-0

[Event "EuTCh"]
[Site "Leon ESP"]
[Date "2001.11.13"]
[Round "7"]
[White "Degraeve,JM"]
[Black "Brynell,S"]
[Result "1-0"]
[WhiteElo "2588"]
[BlackElo "2506"]
[EventDate "2001.11.06"]

1. e4 e6 2. d4 d5 3. Nd2 c5 4. Ngf3 Nf6 5. e5 Nfd7 6. c3 Nc6 7. Bd3 g6 8.
h4 Qb6 9. h5 g5 10. Nxg5 cxd4 11. cxd4 Nxd4 12. Ndf3 Nxf3+ 13. Nxf3 Nc5 14.
O-O Nxd3 15. Qxd3 h6 16. Be3 Qd8 17. Nh2 Bg7 18. Ng4 Bd7 19. Bc5 Bc6 20.
Rac1 Qh4 21. f3 Qxh5 22. Bd6 Qf5 23. Qxf5 exf5 24. Ne3 f4 25. Nf5 Bf8 26.
Bxf8 Rxf8 27. Kf2 Kd7 28. Nd4 Rae8 29. Rh1 Rxe5 30. Rxh6 f6 31. Rh4 Kd6 32.
Rxf4 Rh5 33. Rg4 Bd7 34. Rg7 Rg5 35. Rh7 Rfg8 36. g4 R5g7 37. Rh5 Rg5 38.
Rh7 R5g7 39. Rhh1 a5 40. Ke3 Rc8 41. Rxc8 Bxc8 42. Rh6 Ke7 43. Rh8 Be6 44.
Ra8 Kd6 45. Rxa5 Bd7 46. Nb5+ Bxb5 47. Rxb5 Kc6 48. a4 b6 49. Rb4 Kc5 50.
Rf4 Rf7 51. b4+ Kd6 52. Kd4 Ke6 53. g5 f5 54. Rh4 1-0

[Event "EuTCh"]
[Site "Leon ESP"]
[Date "2001.11.13"]
[Round "7"]
[White "Kovalev,A"]
[Black "Piket,Je"]
[Result "1/2-1/2"]
[WhiteElo "2539"]
[BlackElo "2649"]
[EventDate "2001.11.06"]

1. e4 e5 2. Nf3 Nf6 3. Nxe5 d6 4. Nf3 Nxe4 5. d4 d5 6. Bd3 Bd6 7. O-O O-O
8. c4 c6 9. Re1 Bf5 10. Qb3 Na6 11. cxd5 cxd5 12. Nc3 Be6 13. a3 Nc7 14.
Qxb7 Rb8 15. Qxa7 Ra8 16. Qb6 Rb8 17. Qa5 Ra8 18. Qb6 Rb8 19. Qa5 1/2-1/2

[Event "EuTCh"]
[Site "Leon ESP"]
[Date "2001.11.13"]
[Round "7"]
[White "Tiviakov,S"]
[Black "Dydyshko,V"]
[Result "1/2-1/2"]
[WhiteElo "2599"]
[BlackElo "2516"]
[EventDate "2001.11.06"]

1. e4 c5 2. Nf3 d6 3. d4 cxd4 4. Nxd4 Nf6 5. Nc3 a6 6. Be3 e5 7. Nb3 Be6 8.
f3 Be7 9. Qd2 O-O 10. O-O-O Qc7 11. g4 Rc8 12. g5 Nh5 13. Nd5 Bxd5 14. exd5
Nd7 15. Bh3 a5 16. Qd3 a4 17. Nd2 b5 18. Kb1 b4 19. Rc1 a3 20. b3 Qc3 21.
Qxc3 Rxc3 22. Nc4 Rxe3 23. Nxe3 Bxg5 24. Rce1 Nb6 25. Nc4 Nxc4 26. bxc4 Ra5
27. c3 Bd2 28. Kc2 Bxc3 29. Re3 Bd4 30. Rb3 Bc5 31. Rhb1 Nf4 32. Rxb4 Bxb4
33. Rxb4 Kf8 34. Rb8+ Ke7 35. Rb7+ Kf6 1/2-1/2

[Event "EuTCh"]
[Site "Leon ESP"]
[Date "2001.11.13"]
[Round "7"]
[White "Azarov,S"]
[Black "Nijboer,F"]
[Result "0-1"]
[WhiteElo "2490"]
[BlackElo "2565"]
[EventDate "2001.11.06"]

1. e4 c5 2. Nf3 Nc6 3. d4 cxd4 4. Nxd4 Nf6 5. Nc3 e5 6. Ndb5 d6 7. Bg5 a6
8. Na3 b5 9. Bxf6 gxf6 10. Nd5 f5 11. exf5 Bxf5 12. c3 Bg7 13. Nc2 O-O 14.
Nce3 Be6 15. Bd3 f5 16. O-O Ra7 17. a4 Ne7 18. axb5 Nxd5 19. Bxf5 Rxf5 20.
Nxf5 a5 21. c4 Nf4 22. Nxd6 Bf8 23. c5 Rg7 24. Kh1 Rxg2 25. Rg1 Rg6 26. f3
Bd5 27. Ne4 Qh4 28. c6 Qh3 29. Rxg6+ hxg6 30. Qf1 Qf5 31. Nc3 e4 32. Rd1
Nd3 33. Nxd5 Qxd5 34. c7 Nf2+ 35. Qxf2 Qxd1+ 36. Kg2 exf3+ 37. Qxf3 Qc2+
38. Kf1 Qxc7 39. Qd5+ Qf7+ 40. Qxf7+ Kxf7 41. b6 Ke6 0-1

[Event "EuTCh"]
[Site "Leon ESP"]
[Date "2001.11.13"]
[Round "7"]
[White "Avrukh,B"]
[Black "Ibrahimov,R"]
[Result "1-0"]
[WhiteElo "2606"]
[BlackElo "2404"]
[EventDate "2001.11.06"]

1. d4 Nf6 2. c4 e6 3. Nf3 Bb4+ 4. Bd2 Qe7 5. g3 Nc6 6. Nc3 Bxc3 7. Bxc3 Ne4
8. Rc1 O-O 9. Bg2 d6 10. O-O Nxc3 11. Rxc3 e5 12. d5 Nb8 13. b4 Bg4 14. Nd2
Nd7 15. Nb3 b6 16. c5 a5 17. Rc4 Nf6 18. cxd6 cxd6 19. bxa5 bxa5 20. Qd2
Qb7 21. Rfc1 Qb5 22. e4 a4 23. Rb4 Qd7 24. Na1 Rfc8 25. Nc2 Qc7 26. Rbb1
Rab8 27. Ne3 Rxb1 28. Rxb1 h5 29. Qb4 Bd7 30. Bf1 h4 31. Ba6 Ra8 32. Be2 h3
33. f3 a3 34. Kf2 Kh7 35. Qb7 Qa5 36. Rb4 Qc5 37. Rc4 Ra7 38. Qb8 Qa5 39.
Qxd6 Rb7 40. Qxe5 Rb2 41. Rc2 Qb4 42. Qc3 Qxc3 43. Rxc3 Rxa2 44. Nc2 Bg4
45. Bd3 1-0

[Event "EuTCh"]
[Site "Leon ESP"]
[Date "2001.11.13"]
[Round "7"]
[White "Votava,J"]
[Black "Jenni,F"]
[Result "1-0"]
[WhiteElo "2503"]
[BlackElo "2487"]
[EventDate "2001.11.06"]

1. c4 g6 2. Nc3 Bg7 3. d4 d6 4. e4 a6 5. Be3 c6 6. Qd2 Nf6 7. f3 b5 8. d5
bxc4 9. Bxc4 O-O 10. Nge2 Bb7 11. O-O Nbd7 12. dxc6 Bxc6 13. Rac1 Bb7 14.
b4 a5 15. b5 Nb6 16. Nd5 Nfxd5 17. Bxd5 Nxd5 18. exd5 Qd7 19. a4 Qf5 20.
Rc6 e6 21. g4 Qf6 22. Bg5 Qb2 23. Qxb2 Bxb2 24. Be7 Rfe8 25. Rc7 Bxd5 26.
Bxd6 Red8 27. Bf4 e5 28. Be3 Rdc8 29. b6 Rab8 30. Kf2 Ba3 31. Rd1 Be6 32.
Nc3 Kg7 33. Nb5 Bb4 34. Na7 Rh8 35. Nc6 Rbe8 36. b7 Bb3 37. Rd8 Rxd8 38.
Nxd8 Rxd8 39. Rc8 1-0

[Event "EuTCh"]
[Site "Leon ESP"]
[Date "2001.11.13"]
[Round "7"]
[White "Ekstroem,R"]
[Black "Meduna,E"]
[Result "1/2-1/2"]
[WhiteElo "2495"]
[BlackElo "2471"]
[EventDate "2001.11.06"]

1. e4 c6 2. d4 d5 3. Nc3 dxe4 4. Nxe4 Nd7 5. Bc4 Ngf6 6. Ng5 e6 7. Qe2 Nb6
8. Bd3 h6 9. N5f3 c5 10. dxc5 Nbd7 11. Ne5 Nxe5 12. Qxe5 Nd7 13. Qe2 Nxc5
14. Bb5+ Bd7 15. Bxd7+ Qxd7 16. Nf3 Bd6 17. O-O O-O 18. Rd1 Qc7 19. Be3
Rfd8 20. c4 Nd7 21. h3 Be7 22. b3 Bf6 23. Rac1 a6 24. Bd4 Bxd4 25. Rxd4 Nf6
26. Rcd1 Rxd4 27. Rxd4 Rd8 28. Qe5 Qc8 29. Rd6 Ne8 30. Rxd8 Qxd8 31. Qd4
Qxd4 32. Nxd4 e5 33. Nf5 h5 34. Kf1 Kf8 35. g4 hxg4 36. hxg4 g6 37. Ne3 Nc7
38. Ke2 1/2-1/2

[Event "EuTCh"]
[Site "Leon ESP"]
[Date "2001.11.13"]
[Round "7"]
[White "Delchev,A"]
[Black "Beliavsky,A"]
[Result "1/2-1/2"]
[WhiteElo "2634"]
[BlackElo "2668"]
[EventDate "2001.11.06"]

1. Nf3 Nf6 2. c4 e6 3. Nc3 d5 4. d4 Be7 5. Bg5 h6 6. Bh4 O-O 7. e3 b6 8.
Bd3 Bb7 9. O-O Nbd7 10. Qe2 c5 11. Bg3 cxd4 12. exd4 Bb4 13. Rac1 Bxc3 14.
bxc3 dxc4 15. Bxc4 Ne4 16. Bh4 g5 17. Bd3 Ndf6 18. Bg3 Rc8 19. Qb2 Nxg3 20.
fxg3 Be4 21. Ba6 Rc7 22. Ne5 Nd7 23. Qe2 Bh7 24. Ng4 Kg7 25. Bb5 Bf5 26.
Rxf5 exf5 27. Ne3 Re8 28. Nxf5+ Kf8 29. Qh5 Re6 30. Rf1 Rg6 31. Bxd7 Qxd7
32. Nxh6 Qe6 33. Nf5 Rxc3 34. d5 Qe5 35. h3 Ke8 36. Qd1 Kd8 37. g4 Rg8 38.
Re1 Rd3 39. Qb1 Qxd5 40. Ne7 Qd4+ 41. Kh1 Qc3 42. Nxg8 Rxh3+ 1/2-1/2

[Event "EuTCh"]
[Site "Leon ESP"]
[Date "2001.11.13"]
[Round "7"]
[White "Mikhalchishin,A"]
[Black "Spasov,V"]
[Result "1/2-1/2"]
[WhiteElo "2533"]
[BlackElo "2569"]
[EventDate "2001.11.06"]

1. d4 Nf6 2. c4 g6 3. Nc3 Bg7 4. e4 d6 5. f4 O-O 6. Nf3 Na6 7. Be2 e5 8.
dxe5 dxe5 9. Nxe5 Nc5 10. Bf3 Qxd1+ 11. Kxd1 Rd8+ 12. Kc2 Nfxe4 13. Nxe4
Bf5 14. Re1 Bxe5 15. fxe5 Rd4 16. Kc3 Rd3+ 17. Kc2 Rd4 18. Kc3 Rd3+ 1/2-1/2